Compton's encyclopedia and Fact-index. V.8 : F.
সংরক্ষণ করুন:
| বিন্যাস: | গ্রন্থ |
|---|---|
| ভাষা: | English |
| প্রকাশিত: |
USA :
Compton's learning company,
1995.
|
| বিষয়গুলি: | |
| ট্যাগগুলো: |
ট্যাগ যুক্ত করুন
কোনো ট্যাগ নেই, প্রথমজন হিসাবে ট্যাগ করুন!
|
| Thư viện lưu trữ: | Mạng thư viện Đại học Đà Nẵng |
|---|
| LEADER | 00783cam a2200313 i 4500 | ||
|---|---|---|---|
| 001 | 000044951 | ||
| 003 | 4059 | ||
| 005 | 20030224152533.0 | ||
| 008 | 010220|1995 vm 000 eng | ||
| 020 | |a 0944262023 | ||
| 040 | |a IRC |c IRC |d IRC | ||
| 041 | 0 | |a eng | |
| 082 | 1 | 4 | |a 032 |b Co-E |
| 245 | 0 | 0 | |a Compton's encyclopedia and Fact-index. |n V.8 : |p F. |
| 260 | |a USA : |b Compton's learning company, |c 1995. | ||
| 300 | |a 472P. ; |c 26cm. | ||
| 630 | 0 | 4 | |a Encyclopedia. |
| 630 | 0 | 4 | |a Compton's encyclopedia. |
| 650 | 0 | 4 | |a Encyclopedia, Compton's. |
| OWN | |a DUT | ||
| 999 | |a From the UDN01 | ||
| TYP | |a Monograph | ||
| TYP | |a Printed language | ||
| 980 | |a Mạng thư viện Đại học Đà Nẵng | ||


